Culture Générale - Série 931 - Statistiques

Statistiques générales
  • Ce quiz a été pris 95 fois
  • Le résultat moyen est 4 sur 10
Statistiques - réponses
Question Réponse % Correct
Dans quelle série avec Evangeline Lilly, des rescapés d'un crash doivent-ils apprendre à survivre sur une île mystérieuse ? Lost
74%
Quel métal de couleur brun-rouge provoque, par une accumulation excessive, la maladie de Wilson ? cuivre
63%
Dans quel roman d'Hervé Bazin découvre-t-on les personnages de Chiffe, Brasse-Bouillon et Cropette ? Vipère au poing
58%
Si vous mangez des mogettes ou mojettes, que dégustez-vous ? haricots
56%
Dans quel département se trouvent les villes de Gex et de Nantua ? Ain
55%
Sur la pochette de quel album enregistré en 1969, voit-on les Beatles traverser une rue sur un passage piéton ? Abbey Road
49%
Quel journal fonda en 1944 Hubert Beuve-Mery ? Le Monde
47%
En 1952, qui présentait l'émission “36 chandelles” à la télévision ? Jean Nohain
26%
L'éland est un animal qui vit en Afrique, c'est une espèce de .... antilope
10%
De quel pays africain le "cedi" est-il la monnaie ? Ghana
9%
Aucun quiz correspondant
Distribution des résultats
% des personnes avec chaque résultat
Percentile par nombre de réponses
Votre historique - résultats
Vous n’avez pas pris ce quiz